O reforme gospodarcza o nowy model studiów ekonomicznych praca zbiorowa
Salvato in:
| Natura: | Libro |
|---|---|
| Lingua: | polacco |
| Pubblicazione: |
Warszawa
Szkola glówna planowania i statystyki
1986
|
| Serie: | Monografie i opracowania
154 |
| Tags: |
Nessun Tag, puoi essere il primo ad aggiungerne!!
|
MARC
| LEADER | 00000nam a2200000 4500 | ||
|---|---|---|---|
| 001 | c104389 | ||
| 005 | 20250630080631.5 | ||
| 041 | 0 | |a pol | |
| 044 | |a PL | ||
| 245 | 1 | 0 | |a O reforme gospodarcza o nowy model studiów ekonomicznych |b praca zbiorowa |
| 264 | 1 | |a Warszawa |b Szkola glówna planowania i statystyki |c 1986 | |
| 300 | |a 618 s. | ||
| 490 | 1 | |a Monografie i opracowania |v 154 | |
| 830 | 0 | |a Monografie i opracowania |v 154 | |